000 00268nam a2200109Ia 4500
008 230907s9999||||xx |||||||||||||| ||und||
082 _a720.1
_bTAI
100 _aTait, James
_9115876
245 4 _aThe architecture concept book /
300 _a280 pages :
942 _cBK
999 _c600030
_d600030